01466cam a22004334i 4500003000900000005001700009008004100026035002000067040003300087049000900120082001900129245008900148264003300237300003900270336002000309337002400329338002200353504003200375500001800407526001000425526001000435526001000445526001000455526000800465526000800473526000800481526000800489526000800497526000800505526000800513630004700521700003300568700003400601596000600635942001400641999015400655980005500809952016800864PE-LiUPU20250731172928.0 s1965 miu r0 001 0 spa d a(Sirsi) a204069 aPE-LiUPUbspacPE-LiUPUerda aPRUA04a229.22bT422004aThe Acts of the apostles :b1-13 /cTranslator John W. Fraser and W. J. G. McDonald. aMichigan :bEerdmans,c1965. a481 páginas ;c19 centímetros. text2rdacontent unmediated2rdamedia volume2rdacarrier aIndice : páginas 455-481.0 achapter 1-13. aSEG42 aSEG41 aSEG40 aSEG39 aP94 aP87 aP86 aP85 aP77 aP76 aP3504aBiblia.pN.T.pHechos, 14-28vComentarios.1 aTorrance, David W.,eeditor.1 aTorrance, Thomas F.,eeditor. a1 2ddccBOOK a229.22 T4wLCc20449i76008f2021-11-9g4lCCODEBUL1mBULp36.00r0sYtBOOKu2017-5-25xTEOLOGIAPP850COMPRAo.STAFF. Colección Teologíad20449 81gALBERTO SANCHEZ Responsable de Automatización r2025-12-03 00:00:00i5l0o229.22 T4p76008te1v41.00w2017-05-25xPGyBKzinventario-2023-12-13102ddc50708GENfP85aBULbBULcGENd2017-05-25eCOMPRAg36.00